| 000 | 00445nam a2200157Ia 4500 | ||
|---|---|---|---|
| 999 |
_c19889 _d19889 |
||
| 003 | OSt | ||
| 005 | 20200702121355.0 | ||
| 008 | 190216s9999||||xx |||||||||||||| ||und|| | ||
| 040 | _coclc | ||
| 082 |
_a920 _bKOY/C |
||
| 100 |
_a Koya, C H Muhammed _91956 |
||
| 245 | 0 |
_aC H Mohammed Koya / _cC H Muhammed Koya |
|
| 260 |
_bMacmillan India, _c1987. _aMadras: |
||
| 300 | _a140p | ||
| 942 |
_cBK _2ddc _h920 _iKOY/C _k920 _mKOY/C |
||